Largest Mediterranean Cities Quiz Stats

 Plays Quiz not verified by Sporcle

Score 0/25 Timer 08:00
0 Plays Today
Continent City % Correct
EuropeBarcelona
93.4%
AfricaAlexandria
89.4%
AfricaAlgiers
87.5%
AsiaTel Aviv-Yafo
86.8%
AfricaTripoli
85.5%
EuropeNaples
85.2%
EuropeMarseille
81.6%
AsiaBeirut
80.9%
EuropeNice
72.7%
EuropeValencia
72.4%
EuropePalermo
71.2%
EuropeGenoa
63.3%
AsiaIzmir
57.6%
Continent City % Correct
EuropeMalaga
50.9%
AsiaHaifa
50.2%
EuropeThessaloniki
45.4%
AfricaBenghazi
44.7%
AfricaOran
43.8%
AsiaGaza
40.6%
AsiaAntalya
37.3%
EuropePalma
32.6%
EuropeCatania
31.5%
EuropeToulon
28.6%
AfricaPort Said
27%
AsiaMersin
11%

You're not logged in!

Compare scores with friends on all Sporcle quizzes.
OR
Log In

Show Comments

Extras

Top Quizzes Today


Score Distribution

Your Account Isn't Verified!

In order to create a playlist on Sporcle, you need to verify the email address you used during registration. Go to your Sporcle Settings to finish the process.

Report this User

Report this user for behavior that violates our Community Guidelines.

Details: